书目信息 |
| 题名: |
周易
|
|
| 作者: | 张善文 今译 ;傅惠生 英译 | |
| 分册: | I | |
| 出版信息: | 长沙 湖南人民出版社 2008.12 |
|
| 页数: | 177页 | |
| 开本: | 23cm | |
| 丛书名: | 大中华文库 | |
| 单 册: | ||
| 中图分类: | B221.2 | |
| 科图分类: | ||
| 主题词: | ||
| 电子资源: | ||
| ISBN: | 978-7-5438-5330-0 | |
| 000 | 01000nam 2200277 450 | |
| 001 | 012009396421 | |
| 005 | 20090917154820.03 | |
| 010 | @a978-7-5438-5330-0@b精装@dCNY56.00 | |
| 100 | @a20090917d2008 em y0chiy0120 ea | |
| 101 | 0 | @achi@aeng |
| 102 | @aCN@b430000 | |
| 105 | @ay z 000yy | |
| 106 | @ar | |
| 200 | 1 | @a周易@Azhou yi@d= The Zhou book of change@e英汉对照@hI@f张善文今译@Fzhang shan wen jin yi@g傅惠生英译@Gfu hui sheng ying yi@zeng |
| 210 | @a长沙@c湖南人民出版社@d2008.12 | |
| 215 | @a177页@d23cm | |
| 225 | 2 | @a大中华文库@Ada zhong hua wen ku |
| 330 | @a本书主要是讲中华民族有着悠久的历史和灿烂的文化,系统准确地将中华民族的文化经典翻译成外文,编辑出版,介绍给全世纪,是几代中国人的愿望。 | |
| 410 | 0 | @12001 @a大中华文库 |
| 510 | 1 | @aZhou book of change@zeng |
| 605 | @a周易@Azhou yi | |
| 690 | @aB221.2@v4 | |
| 701 | 0 | @a张善文@Azhang shan wen@4今译 |
| 702 | 0 | @a傅惠生@Afu hui sheng@4英译 |
| 801 | 0 | @aCN@bQSSK@c20090917 |
| 905 | @b753265-66@dB221.2@eZ167:1@f2 | |
| 周易= The Zhou book of change:英汉对照.I/张善文今译/傅惠生英译.-长沙:湖南人民出版社,2008.12 |
| 177页;23cm.-(大中华文库) |
| ISBN 978-7-5438-5330-0(精装):CNY56.00 |
| 本书主要是讲中华民族有着悠久的历史和灿烂的文化,系统准确地将中华民族的文化经典翻译成外文,编辑出版,介绍给全世纪,是几代中国人的愿望。 |
| ● |
| 相关链接 |
|
|
|
正题名:周易
索取号:B221.2/Z167:1
 
预约/预借
| 序号 | 登录号 | 条形码 | 馆藏地/架位号 | 状态 | 备注 |
| 1 | 753265 | 207532650 | 社科库509/409社科库 5排4列1层/ [索取号:B221.2/Z167:1] | 在馆 | |
| 2 | 753266 | 207532669 | 社科库509/509社科库 9排2列6层/ [索取号:B221.2/Z167:1] | 在馆 |